| 000 | 00406nam a2200145Ia 4500 | ||
|---|---|---|---|
| 008 | 231129s1972||||xx |||||||||||||| ||spa|| | ||
| 020 | _a84-7032-050-5 | ||
| 040 | _bspa | ||
| 082 | _a621.31401 L177t | ||
| 100 | _aLagoma Alfonso | ||
| 245 | 0 | _aTeoria y practica de los transformadores Alfonso Lagoma | |
| 260 | _c1972 | ||
| 264 | _aJuan Bruguer | ||
| 942 |
_2ddc _cBKS |
||
| 999 |
_c25248 _d25248 |
||